Justice League Quotes - Statistics

General Stats
  • This quiz has been taken 36 times
  • The average score is 6 of 13
Answer Stats
Quote Character % Correct
I'm rich. Batman
81%
You tell anyone about this, I will bring every piranha I know after you! Aquaman
75%
Boo-ya. Cyborg
72%
Well I believe in truth... but I'm also a big fan of justice. Superman
56%
What are your superpowers again? The Flash
56%
I miss the days whens one's biggest concern is exploding wind-up penguins. Alfred Pennyworth
44%
Children. I work with children. Wonder Woman
41%
We have to be ready. You, me, the others... there's an attack coming from far away. Batman
38%
No protectors here. No Lanterns. No Kryptonian. This world will fall, like all the others. Steppenwolf
38%
I eat a lot of snacks to fill this black hole. I'm a snack hole! The Flash
38%
There are heroes among us. Not to make us feel smaller, but to remind us of what makes us great. Lois Lane
31%
I was just celebrating the return of God. He burst out of the ground! Lex Luthor
22%
Good to see you playing with others again. Commissioner Gordon
16%
No matching quizzes found
Score Distribution
Percent of People with Each Score
Percentile by Number Answered
Your Score History
You have not taken this quiz